000 01186 a2200253 4500
001 49694
005 20260407155758.0
008 260407a2019 arg spa d
003 AR-UNSa-BCEJYS
040 _aAR-UNSa-BCEJYS
_bspa
_cAR-UNSa-BCEJYS
080 _a304.4
_xAspectos generales de las políticas y prácticas sociales y culturales (política social)
245 1 0 _aProgramas sociales, superación de la pobreza e inclusión laboral
_paprendizajes desde América Latina y el Caribe
020 _a978-92-1-122014-8
264 1 _aSantiago de Chile :
_bCEPAL (Comisión Económica para América Latina y el Caribe)
_c2019
300 _a275 p.
_c22 cm.
505 _a1. Hacia un círculo virtuoso de protección social e inclusión - 2. Programas de transferencias condicionadas e inclusión laboral - 3. Programas de inclusión laboral y productiva - 4. Pensiones sociales e inclusión laboral.
041 _aspa
942 _cBK
590 _aniveau_biblio:m niveau_hierar:0
100 1 _aAbramo, Laís
700 1 _aCecchini, Simone
700 1 _aMorales, Beatriz
856 4 1 _uhttps://www.biblioeco.unsa.edu.ar/pmb/images/libros/L128167.jpg
_yImagen de portada
_qimage/jpeg
999 _c4872
_d4872